History and clinical examination at a glance / (Record no. 152448)
[ view plain ]
| 000 -LEADER | |
|---|---|
| fixed length control field | 00879cam a2200253 a 4500 |
| 001 - CONTROL NUMBER | |
| control field | vtls003248074 |
| 003 - CONTROL NUMBER IDENTIFIER | |
| control field | MY-SjTCS |
| 005 - DATE AND TIME OF LATEST TRANSACTION | |
| control field | 20200226115715.0 |
| 008 - FIXED-LENGTH DATA ELEMENTS--GENERAL INFORMATION | |
| fixed length control field | 121207s2012 enka 001 0 eng d |
| 020 ## - INTERNATIONAL STANDARD BOOK NUMBER | |
| International Standard Book Number | 9780470654460 (pbk.) |
| 039 #9 - LEVEL OF BIBLIOGRAPHIC CONTROL AND CODING DETAIL [OBSOLETE] | |
| Level of rules in bibliographic description | 201302181654 |
| Level of effort used to assign nonsubject heading access points | pushpa |
| Level of effort used to assign subject headings | 201302161137 |
| Level of effort used to assign classification | wilmina |
| -- | 201212071641 |
| -- | shaqilah |
| 082 04 - DEWEY DECIMAL CLASSIFICATION NUMBER | |
| Classification number | 616.0754 |
| Item number | GLE 2012 |
| 100 1# - MAIN ENTRY--PERSONAL NAME | |
| Personal name | Gleadle, Jonathan |
| 9 (RLIN) | 66985 |
| 245 10 - TITLE STATEMENT | |
| Title | History and clinical examination at a glance / |
| Statement of responsibility, etc. | Jonathan Gleadle. |
| 250 ## - EDITION STATEMENT | |
| Edition statement | 3rd ed. |
| 260 ## - PUBLICATION, DISTRIBUTION, ETC. | |
| Place of publication, distribution, etc. | Chichester : |
| Name of publisher, distributor, etc. | Wiley-Blackwell, |
| Date of publication, distribution, etc. | c2012. |
| 300 ## - PHYSICAL DESCRIPTION | |
| Extent | 226 p. : |
| Other physical details | col. ill. ; |
| Dimensions | 28 cm. |
| 490 1# - SERIES STATEMENT | |
| Series statement | At a glance |
| 500 ## - GENERAL NOTE | |
| General note | Includes index. |
| 650 #0 - SUBJECT ADDED ENTRY--TOPICAL TERM | |
| Topical term or geographic name entry element | Medical history taking |
| Form subdivision | Handbooks, manuals, etc. |
| 9 (RLIN) | 42141 |
| 650 #0 - SUBJECT ADDED ENTRY--TOPICAL TERM | |
| Topical term or geographic name entry element | Physical diagnosis |
| Form subdivision | Handbooks, manuals, etc. |
| 9 (RLIN) | 53938 |
| 830 #0 - SERIES ADDED ENTRY--UNIFORM TITLE | |
| Uniform title | At a glance series (Oxford, England) |
| 9 (RLIN) | 35843 |
| 920 ## - Programme | |
| Programme | SMN : 192638 |
| Withdrawn status | Lost status | Source of classification or shelving scheme | Damaged status | Not for loan | Home library | Current library | Date acquired | Total Checkouts | Barcode | Date last seen | Date last checked out | Copy number | Uniform Resource Identifier | Koha item type | Public note |
|---|---|---|---|---|---|---|---|---|---|---|---|---|---|---|---|
| Dewey Decimal Classification | Taylor's Library-TU | Taylor's Library-TU | 04/01/2013 | 2 | 5000140393 | 05/12/2019 | 27/11/2015 | 1 | Floor 4, Shelf 18 , Side 1, TierNo 4, BayNo 6 | Main Collection | SOMxx,33001,03,CL |